Information Technology In Mngt (Record no. 31767)
[ view plain ]
| 000 -LEADER | |
|---|---|
| fixed length control field | 00415nam a2200169Ia 4500 |
| 008 - FIXED-LENGTH DATA ELEMENTS--GENERAL INFORMATION | |
| fixed length control field | 220531s9999 xx 000 0 und d |
| 041 ## - LANGUAGE CODE | |
| Language code of text/sound track or separate title | eng |
| 082 ## - DEWEY DECIMAL CLASSIFICATION NUMBER | |
| Item number | HAR |
| 100 ## - MAIN ENTRY--PERSONAL NAME | |
| Personal name | Harishchandra A. G. |
| 9 (RLIN) | 54930 |
| 245 ## - TITLE STATEMENT | |
| Title | Information Technology In Mngt |
| 260 ## - PUBLICATION, DISTRIBUTION, ETC. (IMPRINT) | |
| Place of publication, distribution, etc. | Pune |
| Name of publisher, distributor, etc. | Vision |
| Date of publication, distribution, etc. | 2009 |
| 300 ## - PHYSICAL DESCRIPTION | |
| Extent | 8.18 |
| 542 ## - INFORMATION RELATING TO COPYRIGHT STATUS | |
| Copyright holder | 25-06-2009 |
| 650 ## - SUBJECT ADDED ENTRY--TOPICAL TERM | |
| Topical term or geographic name as entry element | Management |
| 9 (RLIN) | 54931 |
| 906 ## - LOCAL DATA ELEMENT F, LDF (RLIN) | |
| d | 2009-2010 |
| Withdrawn status | Lost status | Source of classification or shelving scheme | Damaged status | Not for loan | Collection code | Home library | Current library | Date acquired | Vendor | Cost, normal purchase price | Total Checkouts | Total Holds | Full call number | Barcode | Date last seen | Bill Date | Koha item type | Original Barcode |
|---|---|---|---|---|---|---|---|---|---|---|---|---|---|---|---|---|---|---|
| Withdrawn | Dewey Decimal Classification | Shri Siddhivinayak Mahila Mahavidyalaya | Shri Siddhivinayak Mahila Mahavidyalaya | 25/06/2009 | Radiant | 100.00 | 3 | /HAR/B/12766 | SSMM-BK-12766 | 06/08/2022 | 06/08/2022 | Books | 010012766 |